000 00383nam a2200133 i 4500
001 80496
003 ES-MaACL
007 t|
008 041028s1966 sp ||||1| spa d
245 0 0 _aHomenaje a la memoria de Antonio Rodríguez-Moñino
_b: 1910-1970.
260 _a[Madrid] :
_bCastalia,
_c[1975]
300 _aIX, 686 p., 1 lám. ;
_c28 cm.
852 _aES-MaACL
_jE-7669
_bR.92210
999 _c80496
_d80496